| 000 | 01180nam a22002777a 4500 | ||
|---|---|---|---|
| 999 |
_c65665 _d65665 |
||
| 005 | 20240530110837.0 | ||
| 008 | 191112s2013 ua a f b 000 0 ara d | ||
| 017 |
_a2013/20428 _bمصر. دار الكتب |
||
| 020 | _a9789774486418 | ||
| 040 |
_aEG-CaGPL _cEG-CaGPL |
||
| 082 | 0 | 4 |
_221 _a388.0932 _bق/ ع ن |
| 100 | 0 | _aعبداللطيف فايز على محمد | |
| 245 | 1 | 2 |
_aالنقل والمواصلات فى مصر فى العصر اليونانى - الرومانى / _cتاليف عبداللطيف فايز على محمد |
| 250 | _aط.1 | ||
| 260 |
_aالقاهرة : _bالهيئة المصرية العامة للكتاب، _c2013 |
||
| 300 |
_a484 ص. : _bايض. ؛ _c24 سم. |
||
| 490 | 0 |
_aتاريخ المصريين ؛ _v296 |
|
| 504 | _aيشمل على ارجاعات ببليوجرافية | ||
| 650 | 0 | 7 |
_2qrmak _aالنقل _zمصر |
| 650 | 0 | 7 |
_aالمواصلات _zمصر _2qrmak |
| 650 | 0 | 7 |
_aمصر القديمة _xتاريخ _yالعصر اليونانى _2qrmak |
| 650 | 0 | 7 |
_aمصر القديمة _xتاريخ _yالعصر الرومانى _2qrmak |
| 651 | _2qrmak | ||
| 942 |
_2ddc _cBK |
||